[Event "Sao Paulo it"]
[Site "Sao Paulo BRA"]
[Date "1979.02.??"]
[Round "?"]
[White "Lein, Anatoly"]
[Black "Panno, Oscar"]
[Result "1/2-1/2"]
[WhiteElo "2535"]
[BlackElo "2545"]
[EventDate "1979.02.10"]
[Source "PGN Mentor"]
[PlyCount "40"]

1.c4 Nf6 2.Nc3 e6 3.Nf3 Bb4 4.Qc2 c5 5.a3 Ba5 6.e3 Nc6 7.Be2 O-O 8.O-O Qe7
9.d4 d6 10.Rd1 Bxc3 11.Qxc3 b6 12.b4 Bb7 13.Bb2 Rfc8 14.dxc5 dxc5 15.b5 
Na5 16.Nd2 a6 17.a4 Ra7 18.Qe5 Ba8 19.Bc3 Nb7 20.Ne4 Ne8 1/2-1/2

[Event "Sao Paulo it"]
[Site "Sao Paulo BRA"]
[Date "1979.02.??"]
[Round "?"]
[White "Braga, Cicero"]
[Black "Rocha, Antonio Cavilhas"]
[Result "0-1"]
[WhiteElo "2390"]
[BlackElo "2365"]
[EventDate "1979.02.10"]
[PlyCount "70"]

1.c4 e6 2.Nc3 d5 3.d4 Nf6 4.Nf3 Be7 5.Bg5 O-O 6.e3 Nbd7 7.Rc1 c6 8.Bd3 h6 
9.Bh4 dxc4 10.Bxc4 b5 11.Bd3 a6 12.O-O c5 13.a4 b4 14.Ne4 cxd4 15.Nxd4 Bb7
16.Nxf6+ Bxf6 17.Bxf6 Nxf6 18.Nc6 Qd7 19.Na5 Bxg2 20.Bh7+ Kxh7 21.Qxd7 
Nxd7 22.Kxg2 Ne5 23.Rfd1 Rfd8 24.b3 Nd3 25.Rb1 Rac8 26.Nc4 e5 27.Kf3 e4+ 
28.Ke2 Rc5 29.Rg1 Rh5 30.Rg2 Rh3 31.Rbg1 g5 32.Nd2 f5 33.Rd1 f4 34.f3 fxe3
35.Kxe3 Nf4 0-1

[Event "Sao Paulo it"]
[Site "Sao Paulo BRA"]
[Date "1979.02.??"]
[Round "?"]
[White "Byrne, Robert"]
[Black "Lein, Anatoly"]
[Result "1/2-1/2"]
[WhiteElo "2535"]
[BlackElo "2535"]
[EventDate "1979.02.10"]
[PlyCount "51"]

1.e4 c6 2.d4 d5 3.Nd2 dxe4 4.Nxe4 Nf6 5.Nxf6+ exf6 6.c3 Bd6 7.Bd3 O-O 8.
Ne2 Re8 9.O-O Qc7 10.Ng3 Nd7 11.Be3 Nf8 12.Qc2 Be6 13.Rfe1 Red8 14.Kh1 g6 
15.Ne4 Be7 16.Nc5 Bxc5 17.dxc5 Rd5 18.Be4 Rh5 19.f4 Bf5 20.b4 Ne6 21.g3 
Bxe4+ 22.Qxe4 Rd5 23.c4 f5 24.Qc2 Rd7 25.Rad1 Rad8 26.Kg2 1/2-1/2

[Event "Sao Paulo it"]
[Site "Sao Paulo BRA"]
[Date "1979.02.??"]
[Round "?"]
[White "Van Riemsdijk, Herman Claudius"]
[Black "Byrne, Robert"]
[Result "0-1"]
[WhiteElo "2435"]
[BlackElo "2535"]
[EventDate "1979.02.10"]
[PlyCount "156"]

1.e4 c5 2.Nf3 d6 3.d4 cxd4 4.Nxd4 Nf6 5.Nc3 a6 6.Bg5 Nc6 7.f4 Qb6 8.Nb3 e6
9.Qf3 Bd7 10.O-O-O O-O-O 11.Bh4 Be8 12.Bf2 Qc7 13.Be3 Be7 14.Be2 Kb8 15.g4
Rc8 16.g5 Nd7 17.Qf2 Na5 18.Bg4 b5 19.Bd4 Rg8 20.h4 b4 21.Nb1 Nc4 22.Na1 
Nc5 23.Rhe1 Bb5 24.b3 Na5 25.Kb2 Nc6 26.Bxc5 dxc5 27.a4 bxa3+ 28.Nxa3 c4 
29.Nxc4 Bxc4 30.bxc4 Qa5 31.Nb3 Qa3+ 32.Kb1 Nb4 33.Qb6+ Ka8 34.Qa5 Nxc2 
35.Qxa3 Nxa3+ 36.Ka2 Rxc4 37.Re2 Nb5 38.Rd7 Ra4+ 39.Kb1 Nc3+ 40.Kb2 Bb4 
41.Rc2 Ra2+ 42.Kc1 Ba3+ 43.Kd2 Nxe4+ 44.Kd3 Rxc2 45.Kxc2 Rc8+ 46.Kb1 Nc3+ 
47.Ka1 Rc4 48.Rxf7 Rb4 49.Rf8+ Kb7 50.Bf3+ Kc7 51.Rf7+ Kd6 52.Rb7 Rxf4 53.
Rb6+ Ke5 54.Rxa6 Rxf3 55.Ra5+ Nd5 56.Rxa3 Rh3 57.Kb2 Rxh4 58.Ra7 g6 59.Nc5
Nf4 60.Nd7+ Kf5 61.Ra5+ Nd5 62.Nf8 Kxg5 63.Nxe6+ Kf6 64.Nc5 Ne3 65.Kc3 h5 
66.Kd3 Nf5 67.Ra6+ Kg5 68.Ke2 Rc4 69.Nd3 Re4+ 70.Kf2 h4 71.Kg2 h3+ 72.Kg1 
Rg4+ 73.Kh1 Re4 74.Nf2 Re1+ 75.Kh2 Re2 76.Kg1 h2+ 77.Kh1 Ng3+ 78.Kxh2 Ne4 
0-1

[Event "Sao Paulo it"]
[Site "Sao Paulo BRA"]
[Date "1979.02.??"]
[Round "?"]
[White "Ljubojevic, Ljubomir"]
[Black "Braga, Cicero"]
[Result "1-0"]
[WhiteElo "2590"]
[BlackElo "2390"]
[EventDate "1979.02.10"]
[PlyCount "67"]

1.e4 c5 2.Nf3 d6 3.d4 cxd4 4.Nxd4 Nf6 5.Nc3 g6 6.Bc4 Bg7 7.h3 O-O 8.O-O a6
9.a4 Nc6 10.Be3 Bd7 11.Re1 Rc8 12.Bf1 Nb4 13.Qd2 e5 14.Nb3 Be6 15.a5 Qe7 
16.Bg5 h6 17.Bxf6 Bxf6 18.Ra4 Bg5 19.Qd1 Nc6 20.Nd5 Qd8 21.Bc4 Bxd5 22.
Bxd5 Qd7 23.c3 Rfd8 24.Qf3 Kg7 25.Rd1 f5 26.h4 Bf6 27.h5 Ne7 28.Rb4 Nxd5 
29.Rxd5 Rc7 30.hxg6 Kxg6 31.Rb6 fxe4 32.Qxe4+ Qf5 33.Nd2 Be7 34.Rxe5 1-0

[Event "Sao Paulo it"]
[Site "Sao Paulo BRA"]
[Date "1979.02.??"]
[Round "?"]
[White "Braga, Cicero"]
[Black "Andersson, Ulf"]
[Result "0-1"]
[WhiteElo "2390"]
[BlackElo "2560"]
[EventDate "1979.02.10"]
[PlyCount "94"]

1.e4 c5 2.Nf3 e6 3.d4 cxd4 4.Nxd4 Nf6 5.Nc3 d6 6.Be2 Be7 7.O-O O-O 8.Be3 
a6 9.a4 Nc6 10.f4 Qc7 11.Kh1 Re8 12.Qe1 Nxd4 13.Bxd4 e5 14.fxe5 dxe5 15.
Qg3 Bd8 16.Be3 Kh8 17.Bg5 Be6 18.Bxf6 Bxf6 19.Bg4 Rad8 20.Rfd1 Qc4 21.Bxe6
fxe6 22.Rd3 Qb4 23.Rb1 Rd4 24.h3 Red8 25.Qg4 Rxd3 26.cxd3 Qb6 27.Qe2 Qd4 
28.Rd1 h6 29.Qg4 Qb6 30.Qe2 Qd6 31.Qh5 Kh7 32.Rf1 Qe7 33.Qe2 Rd4 34.Rd1 
Qd8 35.Qg4 Qb6 36.Qe2 Rb4 37.Rb1 Bg5 38.Qc2 Qe3 39.Rf1 Bf4 40.Ne2 Qd2 41.
Qxd2 Bxd2 42.Rb1 Rxa4 43.Kg1 Rb4 44.Kf1 a5 45.b3 Kg6 46.Kf2 Bg5 47.Nc3 Rb6
0-1

[Event "Sao Paulo it"]
[Site "Sao Paulo BRA"]
[Date "1979.02.??"]
[Round "?"]
[White "Byrne, Robert"]
[Black "Segal, Alexandru Sorin"]
[Result "1/2-1/2"]
[WhiteElo "2535"]
[BlackElo "2400"]
[EventDate "1979.02.10"]
[PlyCount "56"]

1.e4 e5 2.Nf3 Nf6 3.Nxe5 d6 4.Nf3 Nxe4 5.d4 d5 6.Bd3 Be7 7.O-O Nc6 8.Re1 
Bg4 9.c3 f5 10.Qb3 O-O 11.Nbd2 Na5 12.Qa4 Nc6 13.Bb5 Nxd2 14.Nxd2 Nb8 15.
Nf1 f4 16.f3 Bc8 17.Bd2 Bd6 18.Bd3 Nd7 19.Re2 c6 20.Be1 Rf7 21.c4 Nf8 22.
c5 Bc7 23.Qc2 Bd7 24.Bc3 Qf6 25.Rae1 g6 26.b4 a6 27.a4 Ne6 28.Qb2 b5 
1/2-1/2

[Event "Sao Paulo it"]
[Site "Sao Paulo BRA"]
[Date "1979.02.??"]
[Round "?"]
[White "Panno, Oscar"]
[Black "Byrne, Robert"]
[Result "1/2-1/2"]
[WhiteElo "2545"]
[BlackElo "2535"]
[EventDate "1979.02.10"]
[PlyCount "50"]

1.Nf3 Nf6 2.c4 b6 3.g3 Bb7 4.Bg2 e6 5.O-O Be7 6.b3 O-O 7.Bb2 c5 8.e3 d5 9.
Qe2 Nc6 10.Rd1 Rc8 11.Nc3 Qc7 12.cxd5 Nxd5 13.Nxd5 exd5 14.d4 Rfd8 15.dxc5
bxc5 16.Nh4 d4 17.Nf5 Bf6 18.Rac1 Ne7 19.Nxd4 Bxg2 20.Kxg2 Qe5 21.f4 Qe4+ 
22.Nf3 Rxd1 23.Rxd1 Bxb2 24.Qxb2 Nf5 25.Qe2 Nxe3+ 1/2-1/2

[Event "Sao Paulo it"]
[Site "Sao Paulo BRA"]
[Date "1979.02.??"]
[Round "?"]
[White "Van Riemsdijk, Herman Claudius"]
[Black "Ljubojevic, Ljubomir"]
[Result "0-1"]
[WhiteElo "2435"]
[BlackElo "2590"]
[EventDate "1979.02.10"]
[PlyCount "54"]

1.c4 Nf6 2.Nc3 c5 3.Nf3 d5 4.cxd5 Nxd5 5.g3 Nc6 6.Bg2 Nc7 7.d3 e5 8.Nd2 
Bd7 9.O-O h5 10.Nc4 h4 11.Ne4 Be6 12.Be3 Bd5 13.Qd2 f5 14.Bg5 Qd7 15.Nc3 
Bxg2 16.Kxg2 b5 17.Ne3 b4 18.Ncd1 hxg3 19.fxg3 f4 20.gxf4 Qh3+ 21.Kf2 
Qxh2+ 22.Ng2 Rh3 23.Ne3 Qg3+ 24.Kg1 Nd4 25.Nc4 Nce6 26.Qd1 Qh2+ 27.Kf2 
exf4 0-1

[Event "Sao Paulo it"]
[Site "Sao Paulo BRA"]
[Date "1979.02.??"]
[Round "?"]
[White "Byrne, Robert"]
[Black "Gheorghiu, Florin"]
[Result "1/2-1/2"]
[WhiteElo "2535"]
[BlackElo "2540"]
[EventDate "1979.02.10"]
[PlyCount "32"]

1.e4 c5 2.Nf3 d6 3.d4 Nf6 4.Nc3 cxd4 5.Nxd4 a6 6.Be2 e6 7.O-O Be7 8.f4 O-O
9.Qe1 Nc6 10.Be3 Nxd4 11.Bxd4 b5 12.Bf3 Bb7 13.a3 Qc7 14.Qg3 Rad8 15.Kh1 
Bc6 16.Rae1 Kh8 1/2-1/2

[Event "Sao Paulo it"]
[Site "Sao Paulo BRA"]
[Date "1979.02.??"]
[Round "?"]
[White "Panno, Oscar"]
[Black "Rocha, Antonio Cavilhas"]
[Result "1-0"]
[WhiteElo "2545"]
[BlackElo "2365"]
[EventDate "1979.02.10"]
[PlyCount "101"]

1.c4 e5 2.Nc3 Nf6 3.Nf3 Nc6 4.e3 Bb4 5.Nd5 e4 6.Ng1 O-O 7.a3 Bd6 8.Qc2 Re8
9.Ne2 Nxd5 10.cxd5 Nb8 11.Ng3 Qh4 12.d3 Bxg3 13.fxg3 Qg5 14.dxe4 c6 15.Bd3
d6 16.O-O Qe5 17.Bd2 c5 18.Rf4 Nd7 19.Raf1 f6 20.Bc3 Qg5 21.e5 dxe5 22.
Bxh7+ Kf7 23.Rh4 Nf8 24.Bd3 Ng6 25.Re4 Kg8 26.h4 Qh6 27.Rc4 Nf8 28.Bd2 b6 
29.b4 Ba6 30.e4 Qg6 31.Rc3 Bxd3 32.Qxd3 Nd7 33.Qf3 a5 34.h5 Qf7 35.bxc5 
Nxc5 36.Be3 Nd7 37.Rc7 Rec8 38.Bxb6 Rxc7 39.Bxc7 a4 40.Bd6 Rc8 41.g4 Qe8 
42.Rb1 Nf8 43.g5 fxg5 44.Bxf8 Qxf8 45.Qxf8+ Kxf8 46.Rb4 g4 47.Kf2 Rc3 48.
Rxa4 Kf7 49.Ra7+ Kf6 50.d6 Rc4 51.d7 1-0

[Event "Sao Paulo it"]
[Site "Sao Paulo BRA"]
[Date "1979.02.??"]
[Round "?"]
[White "Segal, Alexandru Sorin"]
[Black "Braga, Cicero"]
[Result "1-0"]
[WhiteElo "2400"]
[BlackElo "2390"]
[EventDate "1979.02.10"]
[PlyCount "71"]

1.b3 e5 2.Bb2 Nc6 3.e3 Nf6 4.c4 d5 5.cxd5 Nxd5 6.a3 Be7 7.d3 O-O 8.Nf3 f6 
9.Be2 Be6 10.O-O Qd7 11.Nbd2 a5 12.Qc2 Nb6 13.Rfd1 Rad8 14.d4 exd4 15.Nxd4
Nxd4 16.Bxd4 Nd5 17.Bd3 h6 18.Nf3 Bd6 19.Nh4 Ne7 20.b4 axb4 21.axb4 Ra8 
22.Bh7+ Kh8 23.Be4 Qc8 24.Bc5 Rxa1 25.Rxa1 Rd8 26.h3 Bxc5 27.Qxc5 Rd6 28.
Rc1 f5 29.Bf3 g5 30.Qe5+ Kg8 31.Qg3 Kh8 32.Qe5+ Kh7 33.g4 gxh4 34.gxf5 
Qg8+ 35.Kh1 Nxf5 36.Be4 1-0

[Event "Sao Paulo it"]
[Site "Sao Paulo BRA"]
[Date "1979.02.??"]
[Round "?"]
[White "Sunye Neto, Jaime"]
[Black "Braga, Cicero"]
[Result "1/2-1/2"]
[WhiteElo "2375"]
[BlackElo "2390"]
[EventDate "1979.02.10"]
[PlyCount "36"]

1.c4 g6 2.Nc3 Bg7 3.d4 Nf6 4.e4 d6 5.Nf3 O-O 6.Be2 e5 7.d5 a5 8.Qc2 Na6 9.
O-O Nh5 10.g3 f5 11.exf5 Bxf5 12.Ne4 Nf6 13.Nfd2 Bh6 14.Nxf6+ Qxf6 15.Ne4 
Qg7 16.Bf3 Nc5 17.Qe2 Nxe4 18.Bxe4 b6 1/2-1/2

[Event "Sao Paulo it"]
[Site "Sao Paulo BRA"]
[Date "1979.02.??"]
[Round "?"]
[White "Stean, Michael Francis"]
[Black "Braga, Cicero"]
[Result "1-0"]
[WhiteElo "2540"]
[BlackElo "2390"]
[EventDate "1979.02.10"]
[PlyCount "85"]

1.Nf3 Nf6 2.c4 g6 3.Nc3 Bg7 4.e4 d6 5.d4 O-O 6.Be2 e5 7.O-O Nc6 8.d5 Ne7 
9.Ne1 Nd7 10.Nd3 f5 11.Bd2 Nf6 12.f3 f4 13.c5 g5 14.cxd6 cxd6 15.Nf2 h5 
16.h3 Ng6 17.a4 Rf7 18.Nb5 Bf8 19.Qc2 a6 20.Na3 g4 21.fxg4 hxg4 22.hxg4 
Rh7 23.Rfc1 Bh6 24.Nc4 f3 25.Bxf3 Bxd2 26.Qxd2 Nf4 27.g3 Ng6 28.a5 Rg7 29.
Nb6 Rb8 30.Ra3 Nf8 31.Qe2 Bd7 32.Rac3 Bb5 33.Qe3 N6d7 34.Rc8 Rxc8 35.Rxc8 
Qf6 36.Nxd7 Bxd7 37.Rc7 Rf7 38.Kg2 Bb5 39.g5 Qd8 40.Rxf7 Kxf7 41.Bg4 Nh7 
42.Qb6 Qe7 43.Bc8 1-0

[Event "Sao Paulo it"]
[Site "Sao Paulo BRA"]
[Date "1979.02.??"]
[Round "?"]
[White "Braga, Cicero"]
[Black "Van Riemsdijk, Herman Claudius"]
[Result "1-0"]
[WhiteElo "2390"]
[BlackElo "2435"]
[EventDate "1979.02.10"]
[PlyCount "76"]

1.g3 d5 2.Nf3 c5 3.Bg2 Nc6 4.O-O Nf6 5.d3 g6 6.Nc3 Bg7 7.a3 O-O 8.Rb1 Rb8 
9.Bf4 Ra8 10.b4 d4 11.Na4 Nd5 12.Bd2 cxb4 13.axb4 b5 14.Nc5 e6 15.e3 dxe3 
16.fxe3 Qc7 17.d4 Nb6 18.Ng5 Nc4 19.Bc1 Rb8 20.Nxf7 Ne7 21.Ng5 Rb6 22.
Rxf8+ Bxf8 23.Bh3 Nf5 24.e4 Ng7 25.e5 Qd8 26.c3 h6 27.Nge4 Nxe5 28.Bxh6 
Nf7 29.Bf4 e5 30.Bxc8 exf4 31.Qg4 Bxc5 32.bxc5 Rc6 33.Bd7 Ra6 34.Bxb5 Re6 
35.Qxf4 Nh5 36.Qg4 Qd5 37.Bd3 Kg7 38.Rf1 Ra6 1-0

[Event "Sao Paulo it"]
[Site "Sao Paulo BRA"]
[Date "1979.02.??"]
[Round "?"]
[White "Kortschnoj, Viktor"]
[Black "Byrne, Robert"]
[Result "1/2-1/2"]
[WhiteElo "2695"]
[BlackElo "2535"]
[EventDate "1979.02.10"]
[PlyCount "150"]

1.c4 g6 2.e4 Bg7 3.d4 d6 4.Nc3 Nf6 5.f3 a6 6.Be3 c6 7.Qd2 b5 8.e5 dxe5 9.
dxe5 Qxd2+ 10.Kxd2 Nfd7 11.f4 f6 12.e6 Nf8 13.cxb5 axb5 14.Nxb5 Nxe6 15.
Na7 Bd7 16.Bc4 Nc7 17.Ne2 Nd5 18.Bxd5 cxd5 19.Nc3 Nc6 20.Nab5 Kf7 21.Nxd5 
Na5 22.Na3 Bc6 23.Nb6 Rad8+ 24.Ke2 Bxg2 25.Rhc1 f5 26.Nac4 Nc6 27.a4 Nd4+ 
28.Kf2 Be4 29.a5 Nb3 30.a6 Rd3 31.a7 g5 32.Ke2 gxf4 33.Bxf4 Nxc1+ 34.Bxc1 
Rh3 35.Bf4 Rb3 36.a8=Q Bxa8 37.Nxa8 Bxb2 38.Ra5 Bc3 39.Ra6 Rg8 40.Rb6 Rxb6
41.Naxb6 Ke6 42.Ne3 Bd4 43.Nbc4 Bxe3 44.Nxe3 Rc8 45.Bg3 Rc3 46.Kf2 Rb3 47.
Ke2 Rb5 48.Nd1 Kf6 49.Nf2 Rb4 50.Nd3 Re4+ 51.Kf2 Rc4 52.Ke3 Ke6 53.Nf4+ 
Kd7 54.Nd3 Re4+ 55.Kf3 Kc6 56.Nf2 Ra4 57.Nh3 Rg4 58.Nf2 Ra4 59.Nh3 Kd5 60.
Nf4+ Ke5 61.Nd3+ Kd4 62.Nc1 Rc4 63.Ne2+ Kc5 64.Bb8 Rb4 65.Bg3 Kc6 66.Be1 
Ra4 67.Bg3 e6 68.Bb8 Kc5 69.Nf4 Ra3+ 70.Kf2 Ra6 71.Ke3 Ra3+ 72.Kf2 Rb3 73.
Be5 Kc4 74.Bg7 Rb7 75.Bh8 Rb6 1/2-1/2

[Event "Sao Paulo it"]
[Site "Sao Paulo BRA"]
[Date "1979.02.??"]
[Round "?"]
[White "Byrne, Robert"]
[Black "Braga, Cicero"]
[Result "1-0"]
[WhiteElo "2535"]
[BlackElo "2390"]
[EventDate "1979.02.10"]
[PlyCount "61"]

1.e4 c5 2.Nf3 d6 3.d4 cxd4 4.Nxd4 Nf6 5.Nc3 g6 6.Be3 Bg7 7.f3 Nc6 8.Qd2 
O-O 9.O-O-O Be6 10.Nxe6 fxe6 11.Bc4 Qc8 12.Bb3 Na5 13.Bd4 Nxb3+ 14.axb3 
Nh5 15.Qg5 Qe8 16.Rhe1 Qf7 17.e5 d5 18.Kb1 b6 19.Rf1 h6 20.Qd2 Qf4 21.g3 
Qxd2 22.Rxd2 g5 23.Rd3 Bh8 24.Re1 Ng7 25.Bf2 Ne8 26.Nb5 Rf5 27.Rde3 Ng7 
28.g4 Rff8 29.Rc3 Ne8 30.Bg3 Kf7 31.Rc6 1-0

[Event "Sao Paulo it"]
[Site "Sao Paulo BRA"]
[Date "1979.02.??"]
[Round "?"]
[White "Rocha, Antonio Cavilhas"]
[Black "Byrne, Robert"]
[Result "1-0"]
[WhiteElo "2365"]
[BlackElo "2535"]
[EventDate "1979.02.10"]
[PlyCount "83"]

1.d4 Nf6 2.c4 e6 3.Nf3 d5 4.Nc3 Nbd7 5.Bg5 Be7 6.cxd5 exd5 7.e3 O-O 8.Qc2 
Re8 9.Bd3 Nf8 10.O-O c6 11.Rab1 a5 12.a3 Ng6 13.b4 Bd6 14.Bf5 Bxf5 15.Qxf5
Re6 16.Rb3 h6 17.Bxf6 Rxf6 18.Qg4 Re6 19.g3 Qe7 20.Rfb1 axb4 21.axb4 b5 
22.Ne1 Rf8 23.Nd3 f5 24.Qf3 Nh8 25.Ne2 g5 26.Rc3 Bb8 27.Rbc1 Rff6 28.Ne5 
g4 29.Qg2 Bxe5 30.dxe5 Rxe5 31.Nd4 Re4 32.Nxc6 Qd6 33.Rc5 Nf7 34.Rxd5 Qxc6
35.Rxc6 Rxc6 36.Qf1 Ne5 37.Qa1 Nf3+ 38.Kg2 Rec4 39.Rd7 Rc3 40.Qa8+ Rc8 41.
Qd5+ Kh8 42.Qf7 1-0

[Event "Sao Paulo it"]
[Site "Sao Paulo BRA"]
[Date "1979.02.??"]
[Round "?"]
[White "Braga, Cicero"]
[Black "Filguth, Rubens"]
[Result "1/2-1/2"]
[WhiteElo "2390"]
[BlackElo "2335"]
[EventDate "1979.02.10"]
[PlyCount "38"]

1.c4 e5 2.Nc3 Nc6 3.Nf3 f5 4.d4 e4 5.d5 exf3 6.dxc6 fxg2 7.cxd7+ Qxd7 8.
Qxd7+ Bxd7 9.Bxg2 c6 10.O-O Be6 11.b3 Nf6 12.Be3 Bd6 13.Rad1 Be5 14.Bd4 
Bxd4 15.Rxd4 Rd8 16.Rfd1 Ke7 17.Na4 Rxd4 18.Rxd4 Rd8 19.Rxd8 Kxd8 1/2-1/2

[Event "Sao Paulo it"]
[Site "Sao Paulo BRA"]
[Date "1979.02.??"]
[Round "?"]
[White "Stean, Michael Francis"]
[Black "Panno, Oscar"]
[Result "1/2-1/2"]
[WhiteElo "2540"]
[BlackElo "2545"]
[EventDate "1979.02.10"]
[Source "PGN Mentor"]
[PlyCount "80"]

1.c4 Nf6 2.Nc3 e5 3.Nf3 Nc6 4.g3 g6 5.Bg2 Bg7 6.d4 exd4 7.Nxd4 O-O 8.O-O 
Re8 9.Nxc6 bxc6 10.Bf4 Bb7 11.Qd2 d6 12.Rfd1 a5 13.c5 d5 14.Be3 Ng4 15.Bd4
f5 16.Bxg7 Kxg7 17.Qf4 Qe7 18.e4 dxe4 19.Nxe4 Ne5 20.Ng5 Rad8 21.Rxd8 Qxd8
22.Qh4 Qe7 23.Qxh7+ Kf6 24.Qh4 Kg7 25.Qh7+ Kf6 26.Qh4 Kg7 27.Rc1 Ng4 28.
Qh7+ Kf6 29.h3 Nxf2 30.Qh4 Nd3 31.Qd4+ Qe5 32.Qxd3 Kxg5 33.Rc3 f4 34.Kh2 
fxg3+ 35.Qxg3+ Qxg3+ 36.Rxg3+ Kf6 37.Rb3 Ba6 38.Ra3 Re2 39.Rxa5 Bc4 40.Kg3
Rxb2 1/2-1/2

[Event "Sao Paulo it"]
[Site "Sao Paulo BRA"]
[Date "1979.02.??"]
[Round "?"]
[White "Braga, Cicero"]
[Black "Panno, Oscar"]
[Result "1-0"]
[WhiteElo "2390"]
[BlackElo "2545"]
[EventDate "1979.02.10"]
[PlyCount "97"]

1.g3 g6 2.Bg2 Bg7 3.d3 c5 4.Nf3 Nc6 5.O-O d6 6.e4 e5 7.c3 Nge7 8.a3 O-O 9.
b4 h6 10.Be3 b6 11.Qd2 Kh7 12.d4 exd4 13.cxd4 Bg4 14.d5 Bxf3 15.Bxf3 Bxa1 
16.dxc6 Nxc6 17.Bxh6 Re8 18.Be3 Qf6 19.Bg2 Rac8 20.Bg5 Qd4 21.Qf4 Kg8 22.
Nd2 Bc3 23.Qh4 cxb4 24.axb4 Nxb4 25.Nf3 Qh8 26.Qg4 Nc6 27.Qd7 b5 28.h4 b4 
29.Nh2 Qe5 30.Bh3 Qb5 31.Ng4 Bg7 32.Nf6+ Bxf6 33.Bxf6 Nd4 34.Bxd4 Qc4 35.
Bb2 Qxe4 36.Qxd6 Rc6 37.Qd7 Rc2 38.Bg2 Qe2 39.Bf3 Qe7 40.Qd4 Rxb2 41.Qxb2 
a5 42.Ra1 Qc5 43.Kg2 Rb8 44.Rc1 Qf5 45.h5 Rb6 46.hxg6 Rxg6 47.Qd4 Qf6 48.
Rc8+ Kh7 49.Qc5 1-0

[Event "Sao Paulo it"]
[Site "Sao Paulo BRA"]
[Date "1979.02.??"]
[Round "?"]
[White "Lein, Anatoly"]
[Black "Braga, Cicero"]
[Result "1-0"]
[WhiteElo "2535"]
[BlackElo "2390"]
[EventDate "1979.02.10"]
[PlyCount "97"]

1.c4 g6 2.Nc3 Bg7 3.d4 Nf6 4.Bg5 d6 5.e3 O-O 6.Be2 Nbd7 7.f4 h6 8.Bh4 e5 
9.Nf3 exf4 10.exf4 Re8 11.Qd2 c6 12.O-O-O Nb6 13.h3 Qe7 14.Rhe1 Qe3 15.Bd3
Qxd2+ 16.Kxd2 Bd7 17.Bg3 Bf8 18.b3 Rxe1 19.Rxe1 Re8 20.Rxe8 Nxe8 21.Bf2 f5
22.a4 Nf6 23.a5 Nc8 24.Bh4 Be7 25.b4 Nh5 26.Bxe7 Nxe7 27.Ke3 Kg7 28.c5 
dxc5 29.dxc5 Be6 30.a6 bxa6 31.Bxa6 Nf6 32.Kd4 Nfd5 33.Nxd5 Nxd5 34.b5 Nc7
35.Ke5 Bd5 36.Kd6 Ne8+ 37.Kd7 Nf6+ 38.Kc7 cxb5 39.Bxb5 Nh5 40.Kd6 Be4 41.
c6 Nxf4 42.c7 Bb7 43.Bc6 Bc8 44.Nd4 Kf6 45.Nb5 a5 46.Na7 Ba6 47.Bb5 Bb7 
48.Bc4 a4 49.Kc5 1-0

[Event "Sao Paulo it"]
[Site "Sao Paulo BRA"]
[Date "1979.02.??"]
[Round "?"]
[White "Kortschnoj, Viktor"]
[Black "Segal, Alexandru Sorin"]
[Result "1-0"]
[WhiteElo "2695"]
[BlackElo "2400"]
[EventDate "1979.02.10"]
[PlyCount "91"]

1.c4 e6 2.Nc3 d5 3.d4 Nf6 4.Nf3 c6 5.Bg5 Be7 6.e3 Nbd7 7.Bd3 O-O 8.O-O 
dxc4 9.Bxc4 Nd5 10.Bxe7 Qxe7 11.e4 Nxc3 12.bxc3 b6 13.Re1 Bb7 14.Bd3 Rfd8 
15.Re3 Nf8 16.c4 c5 17.d5 Qc7 18.Qb3 Rac8 19.Rae1 Re8 20.Bc2 Rcd8 21.Qb2 
Bc8 22.Rd1 e5 23.Nh4 g6 24.g3 Re7 25.Ba4 Qd6 26.f4 f6 27.Rf1 Bd7 28.Bc2 
Bh3 29.Rf2 Rde8 30.Qc3 Nd7 31.g4 Bxg4 32.Rg3 Bh5 33.Nf5 Qb8 34.Nxe7+ Rxe7 
35.f5 Rg7 36.Rfg2 g5 37.h4 h6 38.Rh2 Bf7 39.hxg5 hxg5 40.Ba4 Nf8 41.Rgh3 
Be8 42.Bxe8 Qxe8 43.Rh8+ Kf7 44.Qd3 a6 45.d6 Qc6 46.Rxf8+ 1-0

[Event "Sao Paulo it"]
[Site "Sao Paulo BRA"]
[Date "1979.02.??"]
[Round "1"]
[White "Van Riemsdijk, Herman Claudius"]
[Black "Rocha, Antonio Cavilhas"]
[Result "1/2-1/2"]
[WhiteElo "2435"]
[BlackElo "2365"]
[EventDate "1979.02.10"]
[PlyCount "38"]

1.e4 e5 2.Nf3 Nc6 3.Bb5 a6 4.Ba4 Nf6 5.O-O Be7 6.Re1 b5 7.Bb3 d6 8.c3 O-O 
9.d4 Bg4 10.Be3 exd4 11.cxd4 Na5 12.Bc2 c5 13.dxc5 dxc5 14.Nbd2 Nd7 15.h3 
Bh5 16.Bf4 Re8 17.Nf1 Nc6 18.Ne3 Bxf3 19.Qxf3 Bf6 1/2-1/2

[Event "Sao Paulo it"]
[Site "Sao Paulo BRA"]
[Date "1979.02.??"]
[Round "1"]
[White "Stean, Michael Francis"]
[Black "Lein, Anatoly"]
[Result "0-1"]
[WhiteElo "2540"]
[BlackElo "2535"]
[EventDate "1979.02.10"]
[PlyCount "82"]

1.c4 Nf6 2.Nc3 e5 3.Nf3 Nc6 4.e3 Bb4 5.Nd5 Be7 6.d3 O-O 7.Be2 d6 8.Nxe7+ 
Qxe7 9.O-O Bg4 10.b3 Rad8 11.Bb2 Bc8 12.a3 a5 13.Qc2 Ng4 14.d4 f5 15.Qc3 
e4 16.Nd2 b6 17.Bxg4 fxg4 18.d5 Ne5 19.Nxe4 Bf5 20.Ng3 Bg6 21.Qd2 Rde8 22.
Bxe5 Qxe5 23.Rae1 h5 24.Ne2 h4 25.Nd4 h3 26.f4 gxf3 27.gxf3 a4 28.Ne6 axb3
29.Nxf8 Rxf8 30.e4 Rf4 31.Rf2 Bh5 32.Re3 Qa1+ 33.Re1 Qf6 34.Rb1 Bxf3 35.
Rxb3 Rg4+ 36.Kf1 Qa1+ 37.Qe1 Rg1+ 38.Kxg1 Qxe1+ 39.Rf1 Qe2 40.Rf2 Qd1+ 41.
Rf1 Qxb3 0-1

[Event "Sao Paulo it"]
[Site "Sao Paulo BRA"]
[Date "1979.02.??"]
[Round "1"]
[White "Segal, Alexandru Sorin"]
[Black "Ljubojevic, Ljubomir"]
[Result "1/2-1/2"]
[WhiteElo "2400"]
[BlackElo "2590"]
[EventDate "1979.02.10"]
[PlyCount "54"]

1.d4 Nf6 2.c4 e6 3.Nf3 b6 4.a3 Bb7 5.Nc3 Be7 6.d5 exd5 7.cxd5 O-O 8.e4 Re8
9.Bd3 c6 10.O-O cxd5 11.exd5 h6 12.Bf4 Na6 13.Rc1 Nc5 14.Bb1 Bf8 15.b4 
Nce4 16.Nxe4 Nxe4 17.Re1 Nf6 18.Qd3 d6 19.Ba2 Rc8 20.h3 Qd7 21.Bc4 Rxe1+ 
22.Rxe1 Rc7 23.Nd2 Qc8 24.Rd1 a6 25.a4 b5 26.axb5 axb5 27.Bb3 1/2-1/2

[Event "Sao Paulo it"]
[Site "Sao Paulo BRA"]
[Date "1979.02.??"]
[Round "2"]
[White "Segal, Alexandru Sorin"]
[Black "Van Riemsdijk, Herman Claudius"]
[Result "1-0"]
[WhiteElo "2400"]
[BlackElo "2435"]
[EventDate "1979.02.10"]
[PlyCount "84"]

1.d4 c5 2.d5 Nf6 3.Nc3 d6 4.e4 g6 5.Nf3 Bg7 6.Be2 Na6 7.Nd2 Nc7 8.a4 a6 9.
Nc4 b5 10.Nb6 b4 11.Nxa8 Nxa8 12.Nb1 Nxe4 13.Nd2 f5 14.O-O O-O 15.Bf3 Ng5 
16.Be2 Nc7 17.Nc4 f4 18.h4 Nh3+ 19.gxh3 e6 20.Nb6 Bb7 21.Bf3 Qxh4 22.Kh2 
Bd4 23.Qe2 Re8 24.Bg2 h5 25.c3 Be5 26.Kg1 exd5 27.Qd3 Kg7 28.Bd2 Ne6 29.
Nxd5 Ng5 30.Rfe1 Rf8 31.Nxf4 Bxg2 32.Kxg2 Bxf4 33.Bxf4 Rxf4 34.Qg3 bxc3 
35.bxc3 Rc4 36.Re7+ Kh6 37.Qxh4 Rxh4 38.Ra7 Rxh3 39.f4 Rxc3 40.fxg5+ Kxg5 
41.Rxa6 Rc2+ 42.Kf3 1-0

[Event "Sao Paulo it"]
[Site "Sao Paulo BRA"]
[Date "1979.02.??"]
[Round "3"]
[White "Stean, Michael Francis"]
[Black "Segal, Alexandru Sorin"]
[Result "1-0"]
[WhiteElo "2540"]
[BlackElo "2400"]
[EventDate "1979.02.10"]
[PlyCount "108"]

1.c4 e6 2.g3 Nf6 3.Bg2 d5 4.d4 Be7 5.Nf3 O-O 6.O-O Nbd7 7.Qc2 c6 8.b3 b6 
9.Bb2 Bb7 10.Nc3 Rc8 11.Rad1 Qc7 12.Rfe1 Rfe8 13.e4 dxe4 14.Nxe4 Nxe4 15.
Qxe4 Rcd8 16.h4 h6 17.Nh2 Ba8 18.Qe2 Nf6 19.Rd3 Bb7 20.Nf1 Kf8 21.Red1 b5 
22.Ne3 bxc4 23.bxc4 c5 24.d5 exd5 25.Rb3 Ba6 26.Nxd5 Nxd5 27.Bxd5 Bf6 28.
Qf3 Bxb2 29.Rxb2 Re7 30.Rbd2 Rde8 31.Kh2 Bc8 32.Rb1 Kg8 33.Rb5 Ba6 34.Rb3 
Bc8 35.Rdb2 Qd7 36.Qg2 Rf8 37.Rb5 Qd6 38.Qf3 Qd7 39.Rb1 Qh3+ 40.Kg1 Rfe8 
41.Rf1 Bg4 42.Qc3 Be2 43.Rc1 Re5 44.Rb8 Qf5 45.Rxe8+ Rxe8 46.Re1 Qd7 47.
Qa5 Kh8 48.Qxc5 Rc8 49.Qb4 Qg4 50.Bxf7 Bxc4 51.Qa4 Be2 52.Qxa7 Bf3 53.Qe3 
Bc6 54.Be6 1-0

[Event "Sao Paulo it"]
[Site "Sao Paulo BRA"]
[Date "1979.02.??"]
[Round "3"]
[White "Gheorghiu, Florin"]
[Black "Lein, Anatoly"]
[Result "1-0"]
[WhiteElo "2540"]
[BlackElo "2535"]
[EventDate "1979.02.10"]
[PlyCount "114"]

1.c4 c5 2.Nf3 Nf6 3.d4 cxd4 4.Nxd4 a6 5.Nc3 e6 6.e4 d6 7.Bd3 Bd7 8.f4 Nc6 
9.Nf3 e5 10.f5 Be7 11.O-O Rc8 12.Kh1 O-O 13.Be3 Nb4 14.Be2 a5 15.Nd2 Bc6 
16.a3 Na6 17.Bd3 Nd7 18.Rb1 b6 19.b4 axb4 20.axb4 Nc7 21.Nd5 Rb8 22.Rc1 
Ne8 23.Nxe7+ Qxe7 24.Nb1 Nc7 25.Nc3 Rfc8 26.Qe2 Qd8 27.Rfd1 Ra8 28.Qf2 Ne8
29.h3 Ra3 30.Qb2 Rca8 31.Ra1 Rxa1 32.Rxa1 g6 33.fxg6 hxg6 34.Rf1 Qh4 35.
Qd2 Ra3 36.Bg5 Qh5 37.Be2 Qh7 38.Kg1 Rxc3 39.Qxc3 Bxe4 40.c5 bxc5 41.Bb5 
f6 42.bxc5 fxg5 43.cxd6 Nxd6 44.Qb3+ Kh8 45.Bxd7 Qe7 46.Qe6 Qxe6 47.Bxe6 
Kg7 48.g4 Bd3 49.Rd1 e4 50.Kf2 Kf6 51.Bb3 Nb5 52.Ke3 Nd6 53.Rc1 Bb5 54.Rc7
Be8 55.Bd5 Bb5 56.Bxe4 Nxe4 57.Kxe4 Bf1 1-0